Los liberales románticos españoles ante la descolonización americana: 1808-1833
Gardado en:
| Autor Principal: | |
|---|---|
| Formato: | Libro |
| Idioma: | Lingua castelá |
| Publicado: |
Madrid
MAPFRE
1992
|
| Subjects: | |
| Tags: |
Engadir etiqueta
Sen Etiquetas, Sexa o primeiro en etiquetar este rexistro!
|
MARC
| LEADER | 00000nam a2200000 a 4500 | ||
|---|---|---|---|
| 001 | UCX6659 | ||
| 003 | CL-VaPUC | ||
| 008 | 930804e19920000SP |||||||||||||||||spa|d | ||
| 082 | 0 | 4 | |a 980 |b MAR |2 21 |
| 100 | |a Martínez Torrón, Diego |e autor |9 323277 | ||
| 245 | 1 | 4 | |a Los liberales románticos españoles ante la descolonización americana: 1808-1833 |
| 300 | |a 318 p | ||
| 942 | |c BK | ||
| 945 | |d 19930804 00:00:00 | ||
| 260 | |a Madrid |b MAPFRE |c 1992 | ||
| 650 | 7 | |a LIBERALISMO HISTORIA |2 CL-VaPUC |9 319071 | |
| 650 | 7 | |a POLITICA Y GOBIERNO SIGLO 19 |2 CL-VaPUC |9 323158 | |
| 651 | 0 | |a América Latina |9 255027 | |
| 583 | |a last modification |c 19930804 00:00:00 |k Rodrigo Vera | ||
| 999 | |c 226646 |d 226644 | ||
| 952 | |0 0 |1 0 |4 0 |6 980_000000000000000_MAR_1992 |7 0 |8 A |9 225152 |a BIBHIS |b BIBHIS |d 2019-11-15 |i 293860K |o 980 MAR 1992 |p 293860K |r 2025-01-20 |w 2019-11-15 |y BK |k HIS | ||